000 00746nam a22002297a 4500
003 UA-OsUOA
001 39774
007 ta
008 20060627b un ||||| |||| 00| 0 ukr d
100 _aЄвніна О.М.
090 _a821.161.2(091)
_bЕ99
942 _cBK
040 _aUA-OsUOA
_bukr
_cUA-OsUOA
_dUA-OsUOA
245 _aДожовтнева та радянська українська література за рубежами СРСР
300 _a228 с.
955 _a1
041 _aukr
080 _a821.161.2(091)
260 _aК.
_bДержавне видавництво художньої літератури
_c1956
650 7 _a82 Література. Літературознавство
_2UDC
999 _c325916
_d325916